000 00641nam a2200241 i 4500
001 C2-0293573
003 PPAK
005 20180728025406.0
008 090201s2006 my |||| ||||| | may d
020 _a9839736582
040 _aPPAK
_beng
_cPPAK
_erda
082 0 4 _a297.577
_223
090 0 0 _a297.577
_bRAH
_dG
245 0 0 _aRahsia wanita
264 1 _aKuala Lumpur :
_bProgressive Publishing House ,
_c2006
300 _av, 142 pages ;
_c18 cm
336 _2rdacontent
_atext
337 _2rdamedia
_aunmediated
338 _2rdacarrier
_avolume
650 1 0 _aMuslim women
700 0 _aMustaffa Suhaimi,
_ecompile
942 _ddc
_cB
999 _c98262
_d98262